000 00911pam a2200277 a 4500
999 _c12560
_d12560
001 3333714
005 20170427140046.0
008 851101s1986 nju b 001 0 eng
010 _a 85028136
020 _a0136413900 (pbk.)
040 _aDLC
_cDLC
_dDLC
050 0 0 _aHD58.8.G83 1986
_b.G83 1986
082 0 0 _219
100 1 _aGuest, Robert H.
245 1 0 _aOrganizational change through effective leadership /
_cRobert H. Guest
250 _a2nd ed.
260 _aEnglewood Cliffs, N.J. :
_bPrentice-Hall,
_cc1986.
300 _axiii, 235 p. ;
_c23 cm.
500 _aIncludes index.
504 _aBibliography: p. 225-232.
650 0 _aOrganizational change
_xCase studies.
700 1 _aHersey, Paul.
700 1 _aBlanchard, Kenneth H.
906 _a7
_bcbc
_corignew
_d1
_eocip
_f19
_gy-gencatlg
942 _2lcc
_cBOOKS
_hHD58.8.G83 1986